[Event "Nienberge- Werther"]
[Site "?"]
[Date "2022.10.30"]
[Round "3.8"]
[White "Haas, Kai"]
[Black "Geisler, Reinhard"]
[Result "1-0"]
[WhiteElo "1965"]
[BlackElo "1646"]
[PlyCount "75"]
[SourceVersionDate "2023.06.22"]

1. e4 c5 2. Nf3 d6 3. d4 cxd4 4. Nxd4 Nf6 5. f3 e6 6. c4 Be7 7. Nc3 a6 8. Be3
Qc7 9. Be2 Nc6 10. Qd2 O-O 11. O-O Rd8 12. Rac1 Bd7 13. Rfd1 Nxd4 14. Qxd4 Bc6
15. Qb6 Qxb6 16. Bxb6 Rdc8 17. g3 Nd7 18. Be3 Rab8 19. Bf4 Ne5 20. c5 Rd8 21.
cxd6 Bf6 22. Be3 h5 23. Bb6 Rd7 24. f4 Ng6 25. e5 Bd8 26. Bxd8 Rdxd8 27. Bxh5
Nf8 28. Kf2 Nd7 29. Bg4 g6 30. Ne2 Bd5 31. b3 f6 32. Rc7 fxe5 33. Rxd5 exd5 34.
Bxd7 exf4 35. Nxf4 Rf8 36. Ke3 Rf6 37. Be6+ Kh8 38. d7 1-0

[Event "Münster 2- Hemer"]
[Site "?"]
[Date "2022.10.30"]
[Round "3.1"]
[White "Runte, Moritz"]
[Black "Weidemann, Jakob"]
[Result "1/2-1/2"]
[WhiteElo "2187"]
[BlackElo "2169"]
[PlyCount "68"]
[SourceVersionDate "2023.06.22"]

1. e4 c5 2. Nf3 e6 3. d4 cxd4 4. Nxd4 Nf6 5. Nc3 Nc6 6. Ndb5 Bc5 7. Nd6+ Ke7 8.
Bf4 e5 9. Nf5+ Kf8 10. Be3 Bb4 11. Qf3 d5 12. O-O-O d4 13. Bg5 Bxf5 14. Qxf5
Qc8 15. Ne2 Qxf5 16. exf5 Ng4 17. Bh4 Be7 18. Bg3 Nh6 19. c3 Nxf5 20. cxd4 exd4
21. Ng1 g6 22. Nf3 Kg7 23. Bb5 Bf6 24. Rd2 Rac8 25. Kb1 a6 26. Bd3 Nxg3 27.
hxg3 Rhe8 28. Rc1 h5 29. Rdc2 Rcd8 30. a3 Re7 31. Bxa6 d3 32. Rd2 bxa6 33. Rxc6
Re2 34. Kc1 Bxb2+ 1/2-1/2

[Event "Münster 2- Hemer"]
[Site "?"]
[Date "2022.10.30"]
[Round "3.2"]
[White "Borrink, Joern"]
[Black "Schmuecker, Markus"]
[Result "1/2-1/2"]
[WhiteElo "2163"]
[BlackElo "2223"]
[Annotator "daniel"]
[PlyCount "80"]
[SourceVersionDate "2023.06.22"]

1. d4 Nf6 2. Nf3 e6 3. Bg5 h6 4. Bh4 c5 5. c3 Nc6 6. e3 Qb6 7. Qc2 g5 8. Bg3
cxd4 9. exd4 Nh5 10. Bd3 Nxg3 11. hxg3 Bg7 12. Nbd2 d5 13. Nf1 Bd7 14. Ne3
O-O-O 15. O-O-O Kb8 16. Kb1 f5 17. Qb3 $11 Qxb3 18. axb3 g4 19. Ne1 Ne7 20. Be2
h5 21. Nd3 Ng6 22. Rh2 Rh6 23. f4 Rdh8 24. Rdh1 b6 25. Kc2 Kc7 26. Kd2 h4 27.
gxh4 Nxh4 28. Ne1 g3 29. Rh3 Ng6 30. Nd3 Rxh3 31. Rxh3 Rxh3 32. gxh3 Bb5 33.
Ng2 Bf6 34. Ke3 Bxd3 35. Bxd3 Nh4 36. Nxh4 Bxh4 37. Bf1 a5 38. Kf3 Kc6 39. Bg2
b5 40. Ke3 Kb6 1/2-1/2

[Event "Münster 2- Hemer"]
[Site "?"]
[Date "2022.10.30"]
[Round "3.3"]
[White "Leonard, Timo"]
[Black "Boesel, Alexander"]
[Result "1-0"]
[WhiteElo "2174"]
[BlackElo "2020"]
[PlyCount "71"]
[SourceVersionDate "2023.06.22"]

1. d4 Nf6 2. c4 e6 3. Nc3 Bb4 4. a3 Bxc3+ 5. bxc3 d6 6. f3 O-O 7. e4 c5 8. Bd3
Nc6 9. Ne2 e5 10. d5 Na5 11. O-O b6 12. Bg5 h6 13. Bh4 g5 14. Bf2 Nh5 15. Be3
f6 16. g3 Qe8 17. Kh1 Ba6 18. Ng1 Bxc4 19. f4 Bxd3 20. Qxd3 b5 21. fxg5 fxg5
22. Rxf8+ Kxf8 23. Rf1+ Kg7 24. Rf5 Nc4 25. Bc1 g4 26. Nf3 gxf3 27. Qxf3 Qg6
28. Rxh5 Rh8 29. g4 Rh7 30. Rf5 Qe8 31. g5 hxg5 32. Rxg5+ Qg6 33. Rxg6+ Kxg6
34. Qg4+ Kf7 35. Qe6+ Kf8 36. Bh6+ 1-0

[Event "Münster 2- Hemer"]
[Site "?"]
[Date "2022.10.30"]
[Round "3.5"]
[White "Jagodzinsky, Andreas"]
[Black "Quante, Lennart"]
[Result "1/2-1/2"]
[WhiteElo "2161"]
[BlackElo "2100"]
[PlyCount "102"]
[SourceVersionDate "2023.06.22"]

1. d4 Nf6 2. Nc3 d5 3. Bf4 g6 4. e3 Bg7 5. Nb5 Na6 6. h3 c6 7. Nc3 Nb8 8. Nf3
O-O 9. Be2 b6 10. O-O Bb7 11. b4 Nbd7 12. Rb1 a5 13. b5 c5 14. Ne5 cxd4 15.
exd4 Rc8 16. Rb3 Nxe5 17. Bxe5 Ne8 18. Bxg7 Kxg7 19. Bd3 Nd6 20. Qe2 Nc4 21.
Nb1 e6 22. Rc3 Qf6 23. Rd1 Nb2 24. Rxc8 Rxc8 25. Rd2 Nc4 26. Bxc4 Rxc4 27. c3
Bc8 28. Qd1 Bd7 29. Rd3 Bxb5 30. Na3 Ba4 31. Qe1 Rc8 32. Rf3 Qe7 33. Nb1 Be8
34. g4 f6 35. h4 Qd6 36. g5 f5 37. Nd2 Bf7 38. Nf1 b5 39. Nh2 Rh8 40. Re3 h6
41. gxh6+ Rxh6 42. Nf3 Qf4 43. Rxe6 Qg4+ 44. Kf1 Qh3+ 45. Kg1 Qg4+ 46. Kf1 Qxf3
47. Qe5+ Kh7 48. Qc7 Qd1+ 49. Kg2 Qg4+ 50. Kf1 Qd1+ 51. Kg2 Qg4+ 1/2-1/2

[Event "Münster 2- Hemer"]
[Site "?"]
[Date "2022.10.30"]
[Round "3.6"]
[White "Kamp, Adrian"]
[Black "Stoering, Marc"]
[Result "1-0"]
[WhiteElo "1979"]
[BlackElo "1931"]
[PlyCount "49"]
[SourceVersionDate "2023.06.22"]

1. e4 c5 2. Nf3 d6 3. Bb5+ Bd7 4. Bxd7+ Qxd7 5. c4 Nc6 6. Nc3 g6 7. d4 cxd4 8.
Nxd4 Bg7 9. Be3 Nf6 10. f3 Rc8 11. b3 O-O 12. Rc1 a6 13. O-O Nxd4 14. Bxd4 Qd8
15. Qd3 Re8 16. Rfd1 Nd7 17. Bxg7 Kxg7 18. Qd4+ Kg8 19. Nd5 Qa5 20. Qb2 Qc5+
21. Kh1 Qa7 22. b4 Ne5 23. c5 Nd7 24. cxd6 exd6 25. Ne7+ 1-0

[Event "Münster 2- Hemer"]
[Site "?"]
[Date "2022.10.30"]
[Round "3.7"]
[White "Naumenko, Valerija"]
[Black "Junk, Phillip"]
[Result "1/2-1/2"]
[WhiteElo "1788"]
[BlackElo "2084"]
[PlyCount "96"]
[SourceVersionDate "2023.06.22"]

1. e4 c6 2. d4 d5 3. exd5 cxd5 4. Bd3 Nc6 5. c3 Nf6 6. Nf3 Bg4 7. O-O e6 8. Bf4
Bd6 9. Bxd6 Qxd6 10. Nbd2 O-O 11. Re1 Ne7 12. Qc2 Bf5 13. Ne5 Nd7 14. Nxd7 Qxd7
15. Nf3 Rae8 16. Ne5 Qc7 17. Bxf5 Nxf5 18. Qa4 a6 19. g4 Nh4 20. Re3 f6 21. Qd7
Qb8 22. Nd3 Rf7 23. Qa4 Rfe7 24. f4 Qd6 25. Rf1 Ng6 26. Qd1 e5 27. dxe5 fxe5
28. f5 Qb6 29. Qc1 Nf4 30. Rf2 Nxd3 31. Rxd3 e4 32. Rxd5 e3 33. Re2 Re4 34. h3
Qc7 35. Qf1 Qc4 36. Rd7 h5 37. f6 Rxg4+ 38. hxg4 Qxg4+ 39. Rg2 Qxd7 40. Rxg7+
Qxg7+ 41. fxg7 e2 42. Qe1 Kxg7 43. c4 Re6 44. b4 Kf7 45. a4 Re5 46. a5 Ke6 47.
b5 Kd6 48. Qb4+ Ke6 1/2-1/2

[Event "Münster 2- Hemer"]
[Site "?"]
[Date "2022.10.30"]
[Round "3.8"]
[White "Kubo, Thomas"]
[Black "Mai, Artur"]
[Result "1-0"]
[WhiteElo "2032"]
[BlackElo "1704"]
[PlyCount "58"]
[SourceVersionDate "2023.06.22"]

1. Nf3 Nf6 2. c4 e6 3. g3 d5 4. d4 Be7 5. Bg2 O-O 6. O-O dxc4 7. Qc2 a6 8. Qxc4
b5 9. Qc2 Bb7 10. Bg5 Nbd7 11. Bxf6 Nxf6 12. Nbd2 Rc8 13. Nb3 Be4 14. Qc3 Nd5
15. Qc1 Bf6 16. Rd1 h5 17. Nc5 Bxf3 18. Bxf3 c6 19. Bxh5 a5 20. e4 Nb6 21. e5
Bg5 22. f4 Be7 23. Bf3 Nd5 24. h4 a4 25. h5 Bxc5 26. Qxc5 Qe7 27. Rac1 Rfd8 28.
Kf2 Rd7 29. Bxd5 Rxd5 1-0

[Event "Katernberg- Brackel"]
[Site "?"]
[Date "2022.10.16"]
[Round "3.1"]
[White "Fiebig, Thomas"]
[Black "Tomic, Bosko"]
[Result "1-0"]
[WhiteElo "2421"]
[BlackElo "2425"]
[PlyCount "97"]
[EventDate "2022.??.??"]
[SourceVersionDate "2023.06.22"]

1. e4 g6 2. d4 Bg7 3. Nc3 c5 4. dxc5 Qa5 5. Nf3 Nf6 6. Bd3 Qxc5 7. O-O Nc6 8.
Be3 Qa5 9. Qd2 d6 10. h3 O-O 11. a3 Bd7 12. b4 Qc7 13. Rac1 e6 14. Nb5 Qb8 15.
c4 a6 16. Nc3 b5 17. Rfd1 Rd8 18. Be2 Be8 19. Bg5 bxc4 20. Bxc4 Rc8 21. Qe2 Qb7
22. Rxd6 Qc7 23. Rdd1 Nxb4 24. Nb1 Nc6 25. Bxa6 Rcb8 26. e5 Nd5 27. Bb5 Qb7 28.
a4 Na7 29. Bxe8 Rxe8 30. Nc3 Nxc3 31. Rxc3 Reb8 32. Rcd3 Nc6 33. Qe4 h6 34. Rd7
Qb3 35. Qf4 Rf8 36. Bxh6 Qxa4 37. Qg5 Ra7 38. Bxg7 Kxg7 39. R7d6 Qe4 40. Qf6+
Kg8 41. Re1 Qc2 42. Qh4 Kg7 43. Ng5 Rh8 44. Qf4 Rb8 45. Qf6+ Kg8 46. Nxe6 fxe6
47. Qxe6+ Rf7 48. Qxg6+ Qxg6 49. Rxg6+ 1-0

[Event "Katernberg- Brackel"]
[Site "?"]
[Date "2022.10.16"]
[Round "3.2"]
[White "Kueppers, Timo"]
[Black "Luft, Dennis"]
[Result "1/2-1/2"]
[WhiteElo "2258"]
[BlackElo "2319"]
[PlyCount "61"]
[EventDate "2022.??.??"]
[SourceVersionDate "2023.06.22"]

1. e4 e5 2. Nf3 Nc6 3. Bb5 Nf6 4. d3 Bc5 5. Bxc6 dxc6 6. Nbd2 O-O 7. Nc4 Re8 8.
O-O Bg4 9. h3 Bxf3 10. Qxf3 Nd7 11. a4 Qf6 12. Qxf6 Nxf6 13. Bd2 a6 14. b4 Bd4
15. Rab1 b5 16. Na5 Re6 17. Be3 Bb6 18. Nb3 Nd7 19. Ra1 Rb8 20. Rfc1 Kf8 21.
Bxb6 Rxb6 22. Kf1 Ke7 23. c4 bxa4 24. Rxa4 c5 25. Nxc5 Nxc5 26. bxc5 Rb2 27.
Re1 Rf6 28. Re2 Rb1+ 29. Re1 Rb2 30. Re2 Rb1+ 31. Re1 1/2-1/2

[Event "Katernberg- Brackel"]
[Site "?"]
[Date "2022.10.16"]
[Round "3.3"]
[White "Kartsev, Soel"]
[Black "Rosen, Bernd"]
[Result "1-0"]
[WhiteElo "2161"]
[BlackElo "2299"]
[PlyCount "129"]
[EventDate "2022.??.??"]
[SourceVersionDate "2023.06.22"]

1. Nf3 Nf6 2. d4 c5 3. c3 Qa5 4. Nbd2 cxd4 5. Nb3 Qc7 6. cxd4 Nc6 7. Bd2 g6 8.
Rc1 Bg7 9. g3 Qb6 10. Bg2 O-O 11. O-O d6 12. Bg5 a5 13. d5 Nb4 14. a3 Nbxd5 15.
e4 h6 16. Bh4 Nc7 17. e5 dxe5 18. Nxe5 g5 19. Bxg5 hxg5 20. Nc4 Qb5 21. Re1 Ne6
22. Re5 Qd7 23. Qe1 Ra6 24. Ncxa5 Ng4 25. Re4 Nh6 26. Nc4 Qb5 27. Nbd2 Qf5 28.
Ne5 Qf6 29. Bf1 Rd6 30. Ndc4 Rd4 31. Re3 Nf5 32. Rb3 Nd6 33. Rf3 Qh6 34. Nb6
Re4 35. Re3 Rxe3 36. Qxe3 Bxe5 37. Qxe5 Qf6 38. Qe2 Nd4 39. Qh5 Be6 40. Bd3
N4f5 41. Rc5 Kg7 42. Nd5 Qh6 43. Qg4 Rh8 44. h4 Qh5 45. Qxh5 Rxh5 46. g4 Rxh4
47. gxf5 Bxd5 48. Rxd5 Kf6 49. Rc5 Rd4 50. Rc3 Rd5 51. Rb3 b5 52. Kf1 Ke5 53.
f3 Kf4 54. Kf2 Nxf5 55. Bxb5 Rd2+ 56. Ke1 Rh2 57. Rb4+ Kxf3 58. Bc6+ Ke3 59.
Rb3+ Kd4 60. a4 Kc5 61. Ba8 Nd4 62. Rb8 Nc2+ 63. Kf1 Nb4 64. b3 Rb2 65. Rb5+
1-0

[Event "Katernberg- Brackel"]
[Site "?"]
[Date "2022.10.16"]
[Round "3.4"]
[White "Schimnatkowski, Lukas"]
[Black "Prieb, Robert"]
[Result "1-0"]
[WhiteElo "2182"]
[BlackElo "2112"]
[PlyCount "67"]
[EventDate "2022.??.??"]
[SourceVersionDate "2023.06.22"]

1. e4 c5 2. Nc3 a6 3. g3 b5 4. Bg2 Bb7 5. Nge2 e6 6. O-O Nf6 7. Re1 b4 8. Nd5
exd5 9. exd5 d6 10. Nd4+ Kd7 11. Nf3 Be7 12. c4 h6 13. d4 cxd4 14. Nxd4 Kc7 15.
c5 Nxd5 16. Bxd5 Bxd5 17. Rxe7+ Qxe7 18. cxd6+ Qxd6 19. Bf4 Qxf4 20. gxf4 Rd8
21. Qa4 Nc6 22. Rc1 Rd6 23. f5 Rb8 24. Qxa6 Kd7 25. Nxc6 Bxc6 26. Qa7+ Rb7 27.
Qe3 Rb5 28. Re1 Kc7 29. Qa7+ Bb7 30. f3 Ra6 31. Qd4 Rxf5 32. Re7+ Kb8 33. Rxb7+
Kxb7 34. Qe4+ 1-0

[Event "Katernberg- Brackel"]
[Site "?"]
[Date "2022.10.16"]
[Round "3.5"]
[White "Steinmetzer, Thomas"]
[Black "Wessendorf, Thomas"]
[Result "0-1"]
[WhiteElo "2228"]
[BlackElo "2263"]
[PlyCount "60"]
[EventDate "2022.??.??"]
[SourceVersionDate "2023.06.22"]

1. e4 c5 2. Nf3 d6 3. d4 cxd4 4. Nxd4 Nf6 5. Nc3 g6 6. Be3 Bg7 7. f3 O-O 8. Qd2
Nc6 9. O-O-O Bd7 10. g4 Rc8 11. h4 Ne5 12. Kb1 Qa5 13. g5 Nh5 14. Nd5 Qd8 15.
b3 e6 16. Nf4 Ng3 17. Rg1 Nxf3 18. Qg2 Nxf1 19. Qxf3 Nxe3 20. Qxe3 e5 21. Nd5
exd4 22. Rxd4 Be6 23. Nf6+ Bxf6 24. gxf6 Qxf6 25. h5 d5 26. e5 Qe7 27. Rg2 Rfd8
28. Qh6 Bf5 29. Qf4 Be4 30. Rh2 g5 0-1

[Event "Katernberg- Brackel"]
[Site "?"]
[Date "2022.10.16"]
[Round "3.6"]
[White "Bee, Marcus"]
[Black "Korten, Lando"]
[Result "1/2-1/2"]
[WhiteElo "2211"]
[BlackElo "2124"]
[PlyCount "93"]
[EventDate "2022.??.??"]
[SourceVersionDate "2023.06.22"]

1. d4 Nf6 2. g3 g6 3. Bg2 Bg7 4. e4 O-O 5. Nc3 c5 6. dxc5 Qa5 7. Nge2 Na6 8.
O-O Nxc5 9. h3 d6 10. Be3 Be6 11. Rb1 Na4 12. Nxa4 Qxa4 13. b3 Qd7 14. Nf4 b5
15. Qe2 Rac8 16. e5 Ne8 17. Nxe6 fxe6 18. exd6 exd6 19. c4 bxc4 20. bxc4 d5 21.
cxd5 exd5 22. Qg4 Rd8 23. Qxd7 Rxd7 24. Bc5 Rf6 25. Rfd1 Nc7 26. Rb7 Ra6 27.
Bxa7 Rf7 28. Bb6 Ne6 29. Rxf7 Kxf7 30. Rb1 Rxa2 31. Bxd5 Ra1 32. Rxa1 Bxa1 33.
Kg2 Kf6 34. Ba5 Bb2 35. Bc4 Bd4 36. f4 h5 37. Kf3 Bb2 38. Ke4 Ke7 39. Bb4+ Kf6
40. Bd6 Bc1 41. Be5+ Ke7 42. Bc3 Ba3 43. Bd2 Kf6 44. Kd5 Ke7 45. Be2 Bd6 46.
Bd3 h4 47. g4 1/2-1/2

[Event "Katernberg- Brackel"]
[Site "?"]
[Date "2022.10.16"]
[Round "3.7"]
[White "Goldschmidt, Christian"]
[Black "Meyer, Armin"]
[Result "1/2-1/2"]
[WhiteElo "2221"]
[BlackElo "2200"]
[PlyCount "48"]
[EventDate "2022.??.??"]
[SourceVersionDate "2023.06.22"]

1. e4 c5 2. d4 cxd4 3. c3 e5 4. Nf3 Nc6 5. Bc4 Nf6 6. Ng5 d5 7. exd5 Na5 8.
Bb5+ Bd7 9. Qe2 Bd6 10. b4 h6 11. Nf3 O-O 12. Bxd7 Qxd7 13. bxa5 d3 14. Qd1
Rac8 15. Be3 e4 16. Nfd2 Rfe8 17. Bxa7 Nxd5 18. O-O f5 19. Re1 Kh8 20. Bd4 Nf4
21. Nf1 Ne6 22. Bb6 Be5 23. Ng3 Nc5 24. Nd2 Bxc3 1/2-1/2

[Event "Katernberg- Brackel"]
[Site "?"]
[Date "2022.10.16"]
[Round "3.8"]
[White "Gruenter, Martin"]
[Black "Strathoff, Martin"]
[Result "1-0"]
[WhiteElo "2197"]
[BlackElo "2087"]
[PlyCount "113"]
[EventDate "2022.??.??"]
[SourceVersionDate "2023.06.22"]

1. e4 c5 2. c3 Nf6 3. e5 Nd5 4. d4 cxd4 5. Nf3 e6 6. cxd4 d6 7. Bc4 Be7 8. O-O
Nb6 9. Bd3 Nc6 10. a3 h6 11. Nc3 g5 12. Ne4 d5 13. Nc3 h5 14. Be3 g4 15. Ne1 a6
16. f4 Nc4 17. Bxc4 dxc4 18. Qa4 b5 19. Nxb5 Bd7 20. Nd6+ Bxd6 21. exd6 Nxd4
22. Qxc4 Nf5 23. Nc2 Bb5 24. Qc3 O-O 25. Nd4 Rc8 26. Qd2 Bxf1 27. Nxf5 exf5 28.
Rxf1 Qd7 29. Rd1 Rfe8 30. b4 Re4 31. Bc5 Rce8 32. Qd3 Rxf4 33. Qd2 Rfe4 34.
Qg5+ Kh7 35. Qxh5+ Kg7 36. Qg5+ Kh7 37. Bd4 Rxd4 38. Rxd4 Qe6 39. Qd2 Rd8 40.
h3 Kg6 41. d7 f6 42. Kf2 Kf7 43. Rd6 Qe7 44. h4 Kg7 45. Qd4 Kg6 46. a4 Kf7 47.
b5 axb5 48. axb5 Kg6 49. b6 Kh5 50. b7 f4 51. Qxf4 Qf7 52. Qf5+ Kxh4 53. Qxf6+
Qxf6+ 54. Rxf6 g3+ 55. Kf3 Kh5 56. Rf5+ Kg6 57. Rb5 1-0

[Event "Münster- Wattenscheid"]
[Site "?"]
[Date "2022.10.16"]
[Round "3.1"]
[White "Koscielski, Janusz"]
[Black "Holtel, Jasper"]
[Result "0-1"]
[WhiteElo "2256"]
[BlackElo "2391"]
[PlyCount "110"]
[EventDate "2022.??.??"]
[SourceVersionDate "2023.06.22"]

1. e4 c5 2. c3 Nf6 3. e5 Nd5 4. Bc4 Nb6 5. Bb3 d6 6. exd6 Qxd6 7. Nf3 c4 8. Bc2
Qe6+ 9. Kf1 g6 10. h4 Bg7 11. d4 cxd3 12. Qxd3 O-O 13. h5 Qc4 14. Nbd2 Qxd3+
15. Bxd3 Rd8 16. Bc2 Nc6 17. h6 Bh8 18. Ng5 Nd5 19. Nc4 b6 20. Ke1 Nxc3 21. Ne3
Ba6 22. Bd2 Nb5 23. Be4 Rac8 24. Rc1 Nbd4 25. Nf3 Nxf3+ 26. Bxf3 Ne5 27. Be2
Nd3+ 28. Bxd3 Bxd3 29. Rh3 Rxc1+ 30. Bxc1 f5 31. Nd1 Bc2 32. Ne3 Bb1 33. Rh4
Bd4 34. a3 Kf7 35. Nd1 Bc2 36. Ne3 Bb3 37. Bd2 e5 38. Bc3 f4 39. Bxd4 Rxd4 40.
Ng4 Rd1+ 41. Ke2 Rd5 42. f3 Ke6 43. Nf2 Bc4+ 44. Ke1 Bd3 45. Rh1 Kf5 46. Nd1
Rd7 47. Nc3 e4 48. fxe4+ Bxe4 49. Nxe4 Kxe4 50. Ke2 Rc7 51. Kd2 Kf5 52. Rh3 g5
53. Rd3 Rc6 54. Rh3 Kg6 55. Rh1 g4 0-1

[Event "Münster- Wattenscheid"]
[Site "?"]
[Date "2022.10.16"]
[Round "3.2"]
[White "Schmitzer, Klaus"]
[Black "Schiffer, Kai- Uwe"]
[Result "1-0"]
[WhiteElo "2239"]
[BlackElo "2288"]
[PlyCount "65"]
[EventDate "2022.??.??"]
[SourceVersionDate "2023.06.22"]

1. e4 e5 2. Nf3 Nc6 3. Nc3 Nf6 4. g3 d5 5. exd5 Nxd5 6. Bg2 Nxc3 7. bxc3 Bc5 8.
O-O O-O 9. Qe2 Re8 10. d3 h6 11. h3 Bb6 12. Kh2 f5 13. Nd2 Be6 14. Nb3 Qf6 15.
Bd2 a5 16. Be3 e4 17. dxe4 fxe4 18. Bxb6 cxb6 19. Nd2 e3 20. Ne4 Qg6 21. Qxe3
Bf5 22. Rfe1 Ne5 23. Qf4 Nf7 24. Rad1 Rad8 25. Rxd8 Rxd8 26. g4 Bd7 27. Ng3 Qd6
28. Qxd6 Nxd6 29. Bd5+ Kf8 30. Nh5 Bc6 31. c4 Bxd5 32. cxd5 Nb5 33. Nf4 1-0

[Event "Münster- Wattenscheid"]
[Site "?"]
[Date "2022.10.16"]
[Round "3.3"]
[White "Franke, Johannes"]
[Black "Chilla, Jan Eric"]
[Result "0-1"]
[WhiteElo "2274"]
[BlackElo "2244"]
[PlyCount "72"]
[EventDate "2022.??.??"]
[SourceVersionDate "2023.06.22"]

1. e4 e5 2. Bc4 Nf6 3. Nc3 Nxe4 4. Nf3 Nxc3 5. dxc3 f6 6. Nh4 g6 7. f4 Qe7 8.
f5 Qg7 9. fxg6 hxg6 10. Qg4 Kd8 11. Nxg6 d5 12. Qg3 dxc4 13. Nxh8 Qxh8 14. Be3
Be6 15. O-O-O+ Nd7 16. Rd2 c6 17. Rhd1 Kc7 18. Qf2 b6 19. h3 Be7 20. Qf3 f5 21.
b3 Rf8 22. Kb2 f4 23. Bg1 Nf6 24. Qe2 Nd7 25. b4 Qf6 26. a4 Qf5 27. a5 e4 28.
Rd4 Bd5 29. axb6+ Nxb6 30. Ra1 Kb7 31. Ra5 Bf6 32. Rd1 e3 33. g3 Qe5 34. Qe1
Qe7 35. Rda1 Qxb4+ 36. Kc1 Bxc3 0-1

[Event "Münster- Wattenscheid"]
[Site "?"]
[Date "2022.10.16"]
[Round "3.4"]
[White "Muschik, Benedikt"]
[Black "Straeter, Timo"]
[Result "1/2-1/2"]
[WhiteElo "2308"]
[BlackElo "2297"]
[PlyCount "76"]
[EventDate "2022.??.??"]
[SourceVersionDate "2023.06.22"]

1. d4 d5 2. Bf4 Nf6 3. e3 c5 4. c3 Nc6 5. Nd2 e6 6. Ngf3 Bd6 7. Bg3 O-O 8. Bd3
b6 9. Qe2 Bb7 10. Rd1 Qc7 11. e4 Bf4 12. O-O Bxg3 13. hxg3 cxd4 14. exd5 Nxd5
15. Qe4 Nf6 16. Qh4 Ne5 17. Nxe5 Qxe5 18. Rfe1 Qh5 19. Qxh5 Nxh5 20. cxd4 Nf6
21. Ne4 Bxe4 22. Bxe4 Rad8 23. Bf3 Rd7 24. Rd3 Rfd8 25. Ra3 g5 26. g4 Rxd4 27.
Rxa7 Rd2 28. b3 Rc2 29. Re5 h6 30. Rb5 Rd6 31. a4 Ra2 32. a5 Rxa5 33. Rbxa5
bxa5 34. Rxa5 Rb6 35. Bd1 Nd5 36. Rc5 Kg7 37. Bf3 Rxb3 38. Bxd5 exd5 1/2-1/2

[Event "Münster- Wattenscheid"]
[Site "?"]
[Date "2022.10.16"]
[Round "3.5"]
[White "Wengenroth, Walter"]
[Black "Wolter, Kai"]
[Result "1-0"]
[WhiteElo "2303"]
[BlackElo "2215"]
[PlyCount "81"]
[EventDate "2022.??.??"]
[SourceVersionDate "2023.06.22"]

1. e4 c5 2. Nf3 e6 3. d4 cxd4 4. Nxd4 Nc6 5. Nb5 d6 6. c4 Nf6 7. N1c3 a6 8. Na3
Be7 9. Be2 O-O 10. O-O b6 11. Bf4 Bb7 12. Qd2 Ne5 13. f3 Qc7 14. Rac1 Rac8 15.
Kh1 Qb8 16. Be3 Bd8 17. Bg1 Bc7 18. Nc2 Ng6 19. Rb1 Rfd8 20. Ne3 Nf4 21. Ng4
Nxg4 22. Qxf4 Ne5 23. Qe3 Re8 24. f4 Nd7 25. Rbd1 Bc6 26. Qd2 Qb7 27. Bf3 b5
28. cxb5 axb5 29. b4 Nb6 30. Qe2 Nc4 31. a4 d5 32. axb5 Bxb5 33. exd5 exd5 34.
Bxd5 Qxd5 35. Qxe8+ Rxe8 36. Nxd5 Bd8 37. Rfe1 Bh4 38. Rxe8+ Bxe8 39. Nc7 Ba4
40. Ra1 Nb2 41. Bd4 1-0

[Event "Münster- Wattenscheid"]
[Site "?"]
[Date "2022.10.16"]
[Round "3.6"]
[White "Wichtrup, Jan- Louis"]
[Black "Sandkamp, Ralph"]
[Result "1/2-1/2"]
[WhiteElo "2142"]
[BlackElo "2242"]
[PlyCount "54"]
[EventDate "2022.??.??"]
[SourceVersionDate "2023.06.22"]

1. Nf3 Nf6 2. d4 g6 3. c4 Bg7 4. Nc3 O-O 5. e4 d6 6. Be2 c5 7. O-O cxd4 8. Nxd4
Nc6 9. Be3 Bd7 10. h3 Nxd4 11. Bxd4 Bc6 12. Qc2 Qa5 13. a3 Rfc8 14. b4 Qd8 15.
Rad1 b6 16. Qd3 Nd7 17. Bxg7 Kxg7 18. Qd4+ Kg8 19. f4 Qe8 20. e5 dxe5 21. fxe5
Nf8 22. Nd5 Bxd5 23. cxd5 Rd8 24. Bg4 e6 25. d6 Qb5 26. Rf2 Nd7 27. Re1 a5
1/2-1/2

[Event "Münster- Wattenscheid"]
[Site "?"]
[Date "2022.10.16"]
[Round "3.7"]
[White "Hirsch, Stefan"]
[Black "Rott, Georg"]
[Result "0-1"]
[WhiteElo "2131"]
[BlackElo "2119"]
[PlyCount "60"]
[EventDate "2022.??.??"]
[SourceVersionDate "2023.06.22"]

1. c4 e6 2. g3 d5 3. Bg2 c5 4. cxd5 exd5 5. d4 Nc6 6. Nf3 Nf6 7. O-O Be7 8. Nc3
O-O 9. b3 Ne4 10. Bb2 Bf6 11. e3 Bg4 12. Ne2 Re8 13. h3 Bxf3 14. Bxf3 Qa5 15.
Bxe4 dxe4 16. Bc3 Qc7 17. dxc5 Bxc3 18. Nxc3 Qe5 19. Rc1 Rad8 20. Qe2 Qxc5 21.
Nxe4 Qf5 22. Nc5 Nd4 23. Qb2 Nf3+ 24. Kg2 Ng5 25. Rh1 b6 26. h4 Qf3+ 27. Kg1
Rd5 28. hxg5 Red8 29. Qc2 Rd1+ 30. Kh2 Qh5+ 0-1

[Event "Münster- Wattenscheid"]
[Site "?"]
[Date "2022.10.16"]
[Round "3.8"]
[White "Kamp, Christoph"]
[Black "Kaehmann, Joerg"]
[Result "1/2-1/2"]
[WhiteElo "2199"]
[BlackElo "2166"]
[PlyCount "86"]
[EventDate "2022.??.??"]
[SourceVersionDate "2023.06.22"]

1. c4 Nf6 2. Nc3 g6 3. e4 d6 4. d4 Bg7 5. Nf3 O-O 6. Be2 e5 7. O-O Nc6 8. d5
Ne7 9. Ne1 Nd7 10. Nd3 f5 11. Bd2 Nf6 12. f3 f4 13. g4 fxg3 14. hxg3 Qd7 15.
Nf2 h5 16. Kg2 h4 17. g4 g5 18. Bxg5 Ng6 19. Rh1 Nh7 20. Be3 Bf6 21. Nh3 Qe7
22. Qd2 Rf7 23. Rac1 Bd7 24. b4 Raf8 25. Kh2 Nf4 26. Nxf4 exf4 27. Bf2 Ng5 28.
Rhg1 Qe5 29. Qd3 Rh7 30. Nb5 Bxb5 31. cxb5 Qb2 32. Rc2 Qxb4 33. Rgc1 Rff7 34.
Be1 Qa4 35. Bc3 Qa3 36. Bxf6 Qxd3 37. Bxd3 Rxf6 38. Be2 Rff7 39. Rc4 b6 40. Ra4
Kg7 41. Rxa7 Kf6 42. Rc4 Re7 43. Bd1 Ke5 1/2-1/2

[Event "Hansa Dortmund- Bochum"]
[Site "?"]
[Date "2022.10.16"]
[Round "3.1"]
[White "Kotainy, Jens"]
[Black "Klyuner, Vyacheslav"]
[Result "1/2-1/2"]
[WhiteElo "2431"]
[BlackElo "2438"]
[PlyCount "32"]
[EventDate "2022.??.??"]
[SourceVersionDate "2023.06.22"]

1. d4 Nf6 2. Bf4 e6 3. e3 d5 4. Nf3 Bd6 5. Bg3 c5 6. c3 Nc6 7. Nbd2 Bxg3 8.
hxg3 Qe7 9. Ne5 cxd4 10. exd4 Nd7 11. Ndf3 Ndxe5 12. dxe5 Qc7 13. Qa4 Qb6 14.
Qb3 Qc7 15. Qa4 Qb6 16. Qb3 Qc7 1/2-1/2

[Event "Hansa Dortmund- Bochum"]
[Site "?"]
[Date "2022.10.16"]
[Round "3.2"]
[White "Scholz, Christian"]
[Black "Schlawin, Marlon"]
[Result "1/2-1/2"]
[WhiteElo "2339"]
[BlackElo "2303"]
[Annotator "daniel"]
[PlyCount "71"]
[EventDate "2022.??.??"]
[SourceVersionDate "2023.06.22"]

1. d4 e6 2. c4 Bb4+ 3. Nd2 b6 4. a3 Bxd2+ 5. Qxd2 Bb7 6. Nf3 Nf6 7. e3 O-O 8.
Bd3 d6 9. b4 Nbd7 10. Bb2 Ne4 11. Qc2 f5 12. O-O Qe7 13. Nd2 Nxd2 14. Qxd2 e5
15. dxe5 Nxe5 16. Be2 Rae8 17. Rac1 Rf6 18. c5 Rg6 19. c6 Bc8 20. g3 Ng4 21.
Rc4 Rh6 $11 22. h4 Ne5 23. Rf4 Ng6 24. Rd4 f4 25. h5 fxg3 26. fxg3 Qg5 27. Bc4+
Be6 28. Bxe6+ Rxe6 29. g4 Ne5 30. Rdf4 Rhf6 31. Qd5 Kf7 32. Kg2 Rxf4 33. Rxf4+
Ke7 34. Kh3 g6 35. Bxe5 Qxe5 36. Qf3 1/2-1/2

[Event "Hansa Dortmund- Bochum"]
[Site "?"]
[Date "2022.10.16"]
[Round "3.3"]
[White "Tkachuk, Konstantin"]
[Black "Kotter, Ralf"]
[Result "0-1"]
[WhiteElo "2251"]
[BlackElo "2353"]
[Annotator "daniel"]
[PlyCount "52"]
[EventDate "2022.??.??"]
[SourceVersionDate "2023.06.22"]

1. e4 c5 2. Nf3 e6 3. d4 cxd4 4. Nxd4 a6 5. c4 Nf6 6. Nc3 Qc7 7. Bd3 Nc6 8. Be3
Ne5 9. f3 b6 10. Rc1 Bd6 11. Bb1 Ng6 12. g3 Bb7 13. O-O Bc5 14. Qe2 h5 15. a3
h4 16. g4 Bd6 17. Rfd1 Be5 18. Na4 Rb8 19. b4 d6 20. Qf2 Nf4 21. Kh1 Nd7 22.
Ne2 Nxe2 23. Qxe2 Bf6 24. c5 bxc5 25. bxc5 Qc6 26. Rc4 Ne5 {ZÜ} 0-1